000 00670nam a22001817a 4500
003 UA-OsUOA
001 9172
007 ta
008 20041021b un ||||| |||| 00| 0 ukr d
100 _aНекрасов О.
942 _cSA
040 _aUA-OsUOA
_cUA-OsUOA
_dUA-OsUOA
245 _aМолоді голоси на " Солов"їному ярмарку " : [ про міжнародний конкурс молодих вокалістів ім. А. Солов"яненка що проходить на Донеччині ]
300 _aС.6-8
955 _a0
773 0 _w0
_tУкраїнська культура
_dКиїв
_d2004
_g№9
650 7 _aВокал
_2UDC
999 _c295333
_d295333